MARC

LEADER 00000nam a2200000Ia 4500
001 11077
008 160829s1994 xx 000 0 cat d
080 |a Amb el pressupost de 1994 
110 |a Barcelona (Catalunya : Província).  |b Intervenció General  |9 53816 
245 |a Informe de l'estat d' execució dels pressupostos de la corporació i els seus organismes autònoms a 30/  |c 06/  |c 1994 /  |c Diputació de Barcelona 
260 |a Barcelona :  |b Diputació de Barcelona, Àrea de Règim Interior, Hisenda i Planificació, Intervenció General, Servei de Control i Coordinació Financera,  |c 1994 
300 |a 67 p. ;  |c 30 cm 
610 1 0 |a Barcelona (Catalunya : Província).  |b Diputació  |x Assignacions pressupostàries i despeses  |9 53789 
901 |a Arxiu 
942 |n 1 
952 |0 0  |1 0  |4 0  |6 AMB_EL_PRESSUPOST_DE_1994  |7 1  |9 41336  |a Arxiu  |b Arxiu  |d 2016-12-01  |l 0  |o Amb el pressupost de 1994  |p 11077  |r 2016-12-01 00:00:00  |w 2016-12-01  |y ARXIU 
999 |c 43144  |d 43144